00578nam a2200217Ia 4500008004100000041001200041082000800053082001100061100001500072100001800087100001100105245002400116260001100140260001700151260000900168300001600177650002500193942000700218999001900225952011600244150909s9999 xx 000 0 und d aEnglish a546 bPUR/IN aKotz J C  aPurcell K F  eAuthor aInorganic chemistry aLondon bW B sounders c1977 a1116 Pages aMolecular topologies cBK c248020d248020 00104070aKAUCOAbKAUCOAd2022-03-03l0o546 PUR/INpKAU-COA-5972 r2015-09-16 00:00:00w2015-09-16yBK